| 000 | 00630nam a22002177a 4500 | ||
|---|---|---|---|
| 008 | 151002b xxu||||| |||| 00| 0 eng d | ||
| 020 | _a0131430211 | ||
| 041 | 0 | _aeng | |
| 080 | _a336 | ||
| 100 | 1 | _aRevsine, Lawrence. | |
| 245 | 1 | 0 |
_aFinancial reporting and analysis / _cLawrence Revsine, Daniel W. Collins, W. Bruce Johnson. |
| 250 | _a3rd ed. | ||
| 260 |
_aUpper Saddle River, NJ : _bPearson/Prentice Hall, _c2005. |
||
| 300 |
_axvii, 1070 f. : _bme il.; _c29 cm. |
||
| 650 | 0 | _aRaportet | |
| 650 | 0 | _aFinanciare | |
| 650 | 0 | _aAnaliza | |
| 700 | 1 | _aCollins, Daniel W. | |
| 700 | 1 | _aJohnson, W. Bruce. | |
| 942 |
_2udc _cBK |
||
| 999 |
_c1216 _d1216 |
||